[Event "IECG QE.2004.0.00067"]
[Site "IECG email"]
[Date "2004.04.21"]
[Round "?"]
[White "Altmann, Eduard"]
[Black "Steel, Matthew"]
[Result "1-0"]
[WhiteElo "1200"]
[BlackElo "1200"]
[PlyCount "47"]
[EventDate "2004.04.21"]
[EventType "tourn (corr)"]
[EventRounds "6"]
[SourceTitle "Corr 2008"]
[Source "ChessBase"]
[SourceDate "2008.06.24"]
[SourceVersion "1"]
[SourceVersionDate "2008.06.24"]
[SourceQuality "1"]

1. d4 Nf6 2. c4 e5 3. dxe5 Ng4 4. Bf4 Bb4+ 5. Nc3 Nc6 6. Nf3 Bxc3+ 7. bxc3 Qe7 8. e3 Ngxe5 9. Nxe5 Nxe5 10. Qd4 d6 11. c5 0-0 12. Rd1 f6 13. cxd6 cxd6 14. Qxd6 Qxd6 15. Rxd6 Bf5 16. Bxe5 fxe5 17. Bc4+ Kh8 18. Bd5 Rab8 19. e4 Bg6 20. Ke2 b6 21. Rd7 a6 22. Ra7 a5 23. Rb1 Rfc8 24. c4 1-0

[Event "IECG QE.2004.0.00067"]
[Site "IECG email"]
[Date "2004.04.21"]
[Round "?"]
[White "Steel, Matthew"]
[Black "Schoenbach, Patrick"]
[Result "0-1"]
[WhiteElo "1200"]
[BlackElo "1382"]
[PlyCount "44"]
[EventDate "2004.04.21"]
[EventType "tourn (corr)"]
[EventRounds "6"]
[SourceTitle "Corr 2008"]
[Source "ChessBase"]
[SourceDate "2008.06.24"]
[SourceVersion "1"]
[SourceVersionDate "2008.06.24"]
[SourceQuality "1"]

1. e4 c5 2. Nf3 Nc6 3. d4 cxd4 4. Nxd4 Nf6 5. Nc3 e5 6. Nf3 Bb4 7. Bd3 d5 8. exd5 Nxd5 9. Bd2 Nxc3 10. Bxc3 Bxc3+ 11. bxc3 0-0 12. 0-0 Qf6 13. Qe2 Bg4 14. h3 Bxf3 15. gxf3 Rfd8 16. Rab1 Rd7 17. Qe4 g6 18. h4 Rad8 19. Rfe1 h6 20. Rb5 Kg7 21. Reb1 b6 22. Qxc6 Qxc6 0-1